[Event "ch-ROU 2013"]
[Site "Baile Olanesti ROU"]
[Date "2013.02.22"]
[Round "9.43"]
[White "Mongescu,Victor"]
[Black "Georgescu,I"]
[Result "1/2-1/2"]
[WhiteElo "1704"]
[BlackElo "1992"]

1.d4 Nf6 2.c4 g6 3.Nf3 Bg7 4.g3 O-O 5.Bg2 d6 6.O-O Nc6 7.Nc3 a6 8.Re1 Rb8
9.a4 Na5 10.Nd2 c5 11.d5 Bd7 12.Qc2 Ng4 13.h3 Ne5 14.b3 b5 15.axb5 axb5 16.cxb5 Bxb5
17.Bb2 c4 18.b4 Nb3 19.Nxb3 cxb3 20.Qxb3 Bc4 21.Qa3 Qb6 22.b5 Bxb5 23.Nxb5 Qxb5
24.Bxe5 Bxe5 25.Rab1 Qc4 26.Qf3 Ra8 27.Rec1 Qd4 28.Rd1 Qa7 29.Qd3 Qd7 30.Qb3 Ra7
31.Qd3 Rfa8 32.Rb3 Ra4 33.Rdb1 Kg7 34.Rb7 Qd8 35.Qb5 Bf6 36.Rd7 Qc8 37.Qc6 Qh8
38.Rbb7 h5 39.h4 Qh6 40.Qc7 Ra1+ 41.Kh2 Rc1 42.Qb6 Bxh4 43.e3 Bf6 44.Rxe7 Bxe7
45.Qb2+ Bf6 46.Qxc1 h4 47.g4 Qg5 48.Qd1 Qe5+ 49.Kh3 Ra2 50.Qf3 g5 51.Bf1 Ra3
52.Be2 Rc3 53.Bf1 Rc5 54.Bg2 Rc3 55.Bf1 Ra3 56.Bg2  1/2-1/2

[Event "3rd Petropolis Open"]
[Site "Petropolis BRA"]
[Date "2013.02.22"]
[Round "1.2"]
[White "Molina,Rob"]
[Black "Boeira,Dimitri Ariel Pires"]
[Result "1-0"]
[WhiteElo "2414"]
[BlackElo "1630"]

1.d4 Nf6 2.c4 g6 3.g3 Bg7 4.Bg2 O-O 5.Nf3 d6 6.O-O Nc6 7.Nc3 a6 8.h3 e5 9.Be3 Bd7
10.Rc1 Rb8 11.a3 Na5 12.dxe5 Ne8 13.exd6 Nxd6 14.b3 h6 15.Bd4 b5 16.Bxg7 Kxg7
17.cxb5 axb5 18.Nd5 Nc6 19.Nd4 Ne7 20.Nxe7 Qxe7 21.Rxc7 Rfc8 22.Nc6 Qe6 23.Qd4+ Kh7
24.Rxd7 Qxd7 25.Nxb8 Rxb8 26.Rd1 Rd8 27.a4  1-0

[Event "3rd Petropolis Open"]
[Site "Petropolis BRA"]
[Date "2013.02.23"]
[Round "3.11"]
[White "Hille,Waltercler"]
[Black "Boeira,Dimitri Ariel Pires"]
[Result "1/2-1/2"]
[WhiteElo "1923"]
[BlackElo "1630"]

1.d4 Nf6 2.c4 g6 3.g3 Bg7 4.Bg2 O-O 5.Nf3 d6 6.a3 Nc6 7.Nc3 a6 8.O-O e5 9.e4 Nxd4
10.Nxd4 exd4 11.Qxd4 Nd7 12.Qd3 Ne5 13.Qc2 Be6 14.Nd5 c6 15.f4 cxd5 16.exd5 Bd7
17.fxe5 Bxe5 18.Bh1 Re8 19.Qf2 f6  1/2-1/2

[Event "ch-Central Serbia 2013"]
[Site "Pozarevac SRB"]
[Date "2013.02.23"]
[Round "8.9"]
[White "Ilic,Zo1"]
[Black "Bura,G"]
[Result "0-1"]
[WhiteElo "2293"]
[BlackElo "2209"]

1.d4 Nf6 2.Nf3 g6 3.c4 Bg7 4.g3 O-O 5.Bg2 d6 6.O-O c6 7.b3 Qa5 8.Bb2 Qh5
9.Nbd2 Bg4 10.Qc2 Nbd7 11.e4 e5 12.Nh4 exd4 13.Bxd4 Qa5 14.h3 Be6 15.Qb2 Nh5
16.Rfd1 Ne5 17.Qc2 b5 18.cxb5 cxb5 19.Ndf3 h6 20.Bb2 Rac8 21.Qe2 Qb6 22.Nd4 Bd7
23.Kh2 Qd8 24.Rd2 Qg5 25.Nhf3 Qe7 26.Nxe5 Bxe5 27.Nxb5 Rc5 28.Nd4 Qg5 29.Rd3 Rfc8
30.Qd2 Qf6 31.Rf3 Qg7 32.Rd1 g5 33.Nf5 Bxf5 34.Bxe5 Rxe5 35.Rxf5 Re6 36.Qd4 Rc7
37.Qb4 Rc2 38.Ra5 Rc7 39.Ra6 Rd7 40.g4 Nf6 41.Ra4 Kf8 42.Rd4 Ke7 43.Bf1 Rc7
44.Bd3 Re5 45.Ra6 Re6 46.f3 Nd7 47.Bc4 Rf6 48.Kg2 Ne5 49.Be2 Nxf3 50.Ra4 Rc2
51.e5 Nxe5  0-1

[Event "20th Bunratty Classic"]
[Site "Bunratty IRL"]
[Date "2013.02.28"]
[Round "2.2"]
[White "Pert,N"]
[Black "Daly,C"]
[Result "1-0"]
[WhiteElo "2539"]
[BlackElo "2340"]

1.d4 Nf6 2.Nf3 g6 3.c4 d6 4.g3 Bg7 5.Bg2 O-O 6.O-O c6 7.Nc3 Bf5 8.Re1 Ne4
9.Qb3 Nxc3 10.bxc3 Bc8 11.e4 c5 12.e5 Nc6 13.exd6 exd6 14.Bg5 Qc7 15.dxc5 dxc5
16.Bf4 Qa5 17.Ne5 Nxe5 18.Bxe5 Bxe5 19.Rxe5 Be6 20.Rae1 Rad8 21.Bd5 Bxd5
22.cxd5 b5 23.c4 a6 24.h4 bxc4 25.Qxc4 Qb4 26.Qc1 c4 27.R1e4 Rc8 28.h5 Qd6
29.Qc3 f6 30.Re7 Qxd5 31.hxg6 hxg6 32.Rd4 Qh5 33.Rdd7 Rc6 34.Qf3 Rfc8 35.Qxc6  1-0

[Event "29th ChessOrg Open"]
[Site "Bad Woerishofen GER"]
[Date "2013.03.01"]
[Round "1.6"]
[White "Colovic,A"]
[Black "Willin,B"]
[Result "1-0"]
[WhiteElo "2484"]
[BlackElo "2027"]

1.d4 Nf6 2.c4 d6 3.Nf3 g6 4.g3 Bg7 5.Bg2 O-O 6.Nc3 Nbd7 7.O-O Re8 8.e4 e5
9.h3 exd4 10.Nxd4 h6 11.Be3 Nc5 12.Qc2 a5 13.Rad1 c6 14.Nxc6 bxc6 15.Bxc5 Bf8
16.Bxd6  1-0

[Event "20th Bunratty Classic"]
[Site "Bunratty IRL"]
[Date "2013.03.02"]
[Round "7.4"]
[White "Arkell,K"]
[Black "Daly,C"]
[Result "0-1"]
[WhiteElo "2472"]
[BlackElo "2340"]

1.Nf3 Nf6 2.d4 g6 3.c4 Bg7 4.g3 O-O 5.Bg2 d6 6.O-O c6 7.Nc3 Bf5 8.b3 Ne4
9.Bb2 Nxc3 10.Bxc3 Be4 11.e3 Nd7 12.Bh3 Bxf3 13.Qxf3 e6 14.Bg2 Qe7 15.Qe2 Rab8
16.Rfd1 Rfe8 17.Rac1 e5 18.Qd2 e4 19.b4 d5 20.Ba1 Nb6 21.cxd5 cxd5 22.Bf1 Bf8
23.Rc5 Qe6 24.Ra5 Ra8 25.a3 Rec8 26.Rc5 Nd7 27.Rcc1 Nb6 28.Rc5 Nd7 29.Qc3 Nf6
30.Rc1 Rcb8 31.Qb3 Qf5 32.Qc2 h5 33.h3 Bd6 34.Bg2 Qe6 35.b5 Kg7 36.a4 Rh8
37.Qd1 Rad8 38.a5 Nh7 39.Qb3 Bb8 40.b6 a6 41.Rc7 Ng5 42.Kh2 Qf5 43.R1c2 Nf3+
44.Bxf3 Qxf3 45.Bc3 h4 46.g4 Rd7 47.Be1 Qd1 48.Qc3 Rc8 49.Rc1 Qf3 50.Kg1 Bxc7
51.Qb2 Qxh3 52.bxc7 Qxg4+  0-1

[Event "TCh-ISL 2012-13"]
[Site "Reykjavik ISL"]
[Date "2013.03.02"]
[Round "6.5"]
[White "Halldorsson,Br"]
[Black "Gunnarsson,Arn"]
[Result "0-1"]
[WhiteElo "2173"]
[BlackElo "2440"]

1.d4 Nf6 2.c4 g6 3.Nf3 Bg7 4.g3 O-O 5.Bg2 d6 6.Nc3 Nbd7 7.O-O c6 8.h3 e5
9.e4 Qc7 10.Be3 a5 11.Qd2 Re8 12.Rad1 a4 13.Rfe1 Qa5 14.d5 Bf8 15.dxc6 bxc6
16.Bh6 Be7 17.Bf1 Nc5 18.Bg5 Rd8 19.Nh2 Ne6 20.Be3 c5 21.Qc1 Nd4 22.Nd5 Nxd5
23.exd5 Rb8 24.Kg2 Qb6 25.Rd2 Nf5 26.Rc2 Nxe3+ 27.Qxe3 f5 28.g4 Rf8 29.Rb1 Qd8
30.b4 Bg5 31.Qe1 Bf4 32.f3 e4 33.Be2 exf3+ 34.Bxf3 cxb4 35.Nf1 fxg4 36.hxg4 Qg5
37.Kh1 Be5 38.Qd1 Rxf3 39.Qxf3 Bxg4 40.Qe3 Qh5+ 41.Rh2 Bf3+ 42.Kg1 Qg4+  0-1

[Event "TCh-HUN 2012-13"]
[Site "Mako HUN"]
[Date "2013.03.03"]
[Round "8"]
[White "Seres,L"]
[Black "Szalai,K"]
[Result "0-1"]
[WhiteElo "2453"]
[BlackElo "2407"]

1.d4 Nf6 2.Nf3 g6 3.c4 Bg7 4.g3 O-O 5.Bg2 d6 6.Nc3 c6 7.O-O Bf5 8.Nh4 Be6
9.d5 cxd5 10.cxd5 Bd7 11.Nf3 Na6 12.Nd4 Qb6 13.e3 Rfc8 14.h3 Nc5 15.Re1 a6
16.Re2 Rc7 17.e4 Bb5 18.Ncxb5 axb5 19.b3 Rac8 20.Bb2 b4 21.Kh1 Qa6 22.Re3 h5
23.f4 Nfd7 24.Bf1 Qb6 25.Re1 e6 26.Rb1 Nf6 27.Bg2 exd5 28.exd5 Qa6 29.Qd2 Qxa2
30.Nb5 Nfe4 31.Bxe4 Nxe4 32.Qg2 Rc2 33.Qxe4 Bxb2 34.Kg1 Qxb3 35.Re3 Rc1+
36.Rxc1 Rxc1+ 37.Kh2 Qd1 38.h4 Rc2+  0-1

[Event "5th Batavia GM 2013"]
[Site "Amsterdam NED"]
[Date "2013.03.06"]
[Round "6.1"]
[White "Hertneck,G"]
[Black "Zhou,Y"]
[Result "0-1"]
[WhiteElo "2520"]
[BlackElo "2437"]

1.d4 Nf6 2.c4 d6 3.Nf3 g6 4.g3 Bg7 5.Bg2 O-O 6.O-O Nbd7 7.Nc3 e5 8.e3 Re8
9.a4 a5 10.b3 c6 11.Ba3 exd4 12.exd4 Nf8 13.Ra2 Bf5 14.Nh4 Bg4 15.Qd3 Qd7
16.f3 Bh3 17.Bxh3 Qxh3 18.Bxd6 Rad8 19.c5 Ne6 20.Raf2 Nd5 21.Nxd5 cxd5 22.Be5 f6
23.Bd6 f5 24.f4 Nxd4 25.Be5 Bxe5 26.fxe5 Nc6 27.Nf3 Nxe5 28.Nxe5 Rxe5 29.Re2 Re4
30.Rxe4 fxe4 31.Qd4 Qd7 32.Rf6 Qg7 33.Qe5 Kh8 34.Qe6 Rf8 35.Rxf8+ Qxf8 36.Qe5+ Kg8
37.Qxd5+ Qf7 38.Qd8+ Kg7 39.Qd4+ Kh6 40.Qxe4 Qxb3 41.Kf2 Qa2+ 42.Ke3 Qa3+
43.Kd2 Qxc5 44.Qe3+ Qxe3+ 45.Kxe3 Kg5 46.h3 Kf5 47.Kd4 Ke6 48.Kc5 Ke5 49.g4 g5
50.Kc4 Kf4 51.Kb5 Kg3 52.Kxa5 Kxh3 53.Kb6 Kxg4 54.Kxb7 h5 55.a5 h4 56.a6 h3
57.a7 h2 58.a8=Q h1=Q+  0-1

[Event "45th Belgrade WGM"]
[Site "Belgrade SRB"]
[Date "2013.03.07"]
[Round "6"]
[White "Nonkovic,B"]
[Black "Vega Gutierrez,S"]
[Result "0-1"]
[WhiteElo "2052"]
[BlackElo "2364"]

1.d4 Nf6 2.c4 g6 3.Nf3 Bg7 4.g3 O-O 5.Bg2 d6 6.O-O Nc6 7.d5 Na5 8.Nbd2 c5
9.a3 b5 10.cxb5 Nxd5 11.Nb3 Nxb3 12.Qxb3 Nc7 13.a4 Rb8 14.Bd2 Be6 15.Qc2 a6
16.Bc3 axb5 17.Bxg7 Kxg7 18.b4 bxa4 19.bxc5 Bb3 20.Qb2+ Kg8 21.Nd4 dxc5 22.Nc6 Qe8
23.Qe5 Ne6 24.Nxb8 Qxb8 25.Qxb8 Rxb8 26.e3 c4 27.Rfc1 Nc5 28.Bd5 Rb4 29.Kf1 e6
30.Bf3 Kf8 31.Ke2 Ke7 32.Kd2 Kd6 33.Kc3 Na6 34.Re1 Kc5 35.Rec1 Nc7 36.Kd2 Nb5
37.Be2 a3 38.Ke1 Ra4 39.h4 Kb4 40.Bf1 a2 41.Be2 Na3  0-1

[Event "29th ChessOrg Open"]
[Site "Bad Woerishofen GER"]
[Date "2013.03.08"]
[Round "8.10"]
[White "Schulze,U"]
[Black "Calzetta Ruiz,M"]
[Result "1-0"]
[WhiteElo "2318"]
[BlackElo "2251"]

1.d4 Nf6 2.Nf3 g6 3.g3 Bg7 4.Bg2 O-O 5.c4 d6 6.O-O c6 7.Nc3 Qa5 8.Bd2 Qh5
9.Qb3 b6 10.a4 Bh3 11.a5 Nbd7 12.Bg5 h6 13.Bxf6 Bxf6 14.axb6 axb6 15.Rfd1 Bxg2
16.Kxg2 g5 17.h3 Qg6 18.Ra4 Rfd8 19.Qa2 Rab8 20.Ra7 h5 21.Rc7 g4 22.hxg4 hxg4
23.Nh2 c5 24.e3 cxd4 25.exd4 Rbc8 26.Rxc8 Rxc8 27.b3 Nf8 28.Qe2 Ne6 29.Nd5 b5
30.Nxg4 Bg5 31.f4 bxc4 32.fxg5 Qxg5 33.bxc4 Kg7 34.Nge3 Kf8 35.Qf3 Rb8 36.Rd2 Rb1
37.Qg4 Qh6 38.Qh4 Qxh4 39.gxh4 Rb3 40.Kf2 Ng7 41.Ra2 Rb8 42.Ra7 e6 43.Nf6 Rb2+
44.Kf3 Rb3 45.Ke4  1-0

[Event "TCh-AUT 2 East 2012-13"]
[Site "Austria AUT"]
[Date "2013.03.09"]
[Round "8.3"]
[White "Schneider Zinner,H"]
[Black "Vlcek,S"]
[Result "1/2-1/2"]
[WhiteElo "2369"]
[BlackElo "2292"]

1.d4 Nf6 2.Nf3 g6 3.c4 Bg7 4.g3 O-O 5.Bg2 d6 6.O-O Nbd7 7.Nc3 e5 8.e4 c6
9.h3 Qb6 10.Re1 exd4 11.Nxd4 Ne8 12.Nc2 a5 13.Na4 Qd8 14.Be3 Qe7 15.Qd2 Nc5
16.Nc3 Nf6 17.Bf4 Rd8 18.Rad1 Qe6 19.e5 Nfd7 20.exd6 Qxc4 21.Bf1 Bxc3 22.bxc3 Qxa2
23.Bg5 f6 24.Qd4 b5 25.Bxf6 Nxf6 26.Qxf6 Be6 27.Qd4 Nb7 28.Qf6 Nc5 29.Qd4 Nb7
30.Qf6 Nc5  1/2-1/2

[Event "29th ChessOrg Open"]
[Site "Bad Woerishofen GER"]
[Date "2013.03.09"]
[Round "9.4"]
[White "Colovic,A"]
[Black "Buchal,S"]
[Result "1/2-1/2"]
[WhiteElo "2484"]
[BlackElo "2293"]

1.d4 g6 2.Nf3 Bg7 3.g3 d6 4.Bg2 Nf6 5.c4 O-O 6.Nc3 Nc6 7.O-O a6 8.Re1 Bd7
9.Rb1 Rb8 10.b4 e5 11.dxe5 Nxe5 12.Nxe5 dxe5 13.b5 Bf5 14.e4 Bg4 15.Qb3 Re8
16.a4 Nd7 17.Be3 Bf8 18.h3 Be6 19.Red1 axb5 20.axb5 Ra8 21.Bf1 Qc8 22.Nd5 c6
23.Qb2 Ra4 24.Qe2 f6 25.Rdc1 Qd8 26.bxc6 bxc6 27.Nb6 Nxb6 28.Bxb6 Qc8 29.h4 Qa6
30.Qf3 Be7 31.c5 Qc8 32.Rd1 Kg7 33.Qe3 Qa8 34.Rbc1 Ra3 35.Rd3 Ra1 36.Rdd1 Ra3
37.Rd3 Ra1 38.Qe1 Ra2 39.Rd2 Rxd2 40.Qxd2 Qa4 41.Qe3 Ra8 42.Kh2 Qb4 43.Bg2  1/2-1/2

[Event "Karpos Open 2013"]
[Site "Skopje MKD"]
[Date "2013.03.10"]
[Round "2.39"]
[White "Goksel,D"]
[Black "Pancevski,F"]
[Result "0-1"]
[WhiteElo "2260"]
[BlackElo "2515"]

1.Nf3 Nf6 2.d4 g6 3.c4 Bg7 4.g3 O-O 5.Bg2 d6 6.O-O c6 7.Nc3 Qa5 8.e4 e5 9.dxe5 dxe5
10.Qc2 Bg4 11.Be3 Bxf3 12.Bxf3 Nbd7 13.Rfd1 Rfd8 14.a3 Nf8 15.b4 Qc7 16.Ne2 Ne6
17.Kg2 h5 18.h4 Nd7 19.Rd2 Ndf8 20.Rad1 Rxd2 21.Rxd2 Qe7 22.Qa4 Qe8 23.Qd1 a5
24.Qb3 Qe7 25.Bb6 Bh6 26.Rd1 axb4 27.axb4 Ra6 28.c5 Nd7 29.b5 Ra8 30.Qc4 Ndxc5
31.bxc6 bxc6 32.Nc3 Bf8 33.Be2 Ra3 34.Rb1 Nd4 35.Bd1 Qe6 36.Qxe6 Ndxe6 37.Bxc5 Nxc5
38.Rc1 Nd3  0-1

[Event "Karpos Open 2013"]
[Site "Skopje MKD"]
[Date "2013.03.10"]
[Round "2.47"]
[White "Dimic,P"]
[Black "Can,E"]
[Result "0-1"]
[WhiteElo "2212"]
[BlackElo "2474"]

1.d4 g6 2.c4 Bg7 3.Nf3 d6 4.g3 Nf6 5.Bg2 O-O 6.O-O Nbd7 7.Nc3 e5 8.e4 a6
9.h3 Rb8 10.Be3 exd4 11.Nxd4 Re8 12.b3 Nc5 13.Qc2 Bd7 14.Rae1 b5 15.b4 Ne6
16.cxb5 axb5 17.Nb3 Qc8 18.f4 Nd8 19.Kh2 Be6 20.Nd2 Nd7 21.Bf2 Qa6 22.Nd5 Rc8
23.Nb3 c6 24.Ne3 Qa3 25.Qd2 Nb7 26.Rb1 Nb6 27.f5 Nc4 28.Qc2 Nxe3 29.Bxe3 Bc4
30.Rf2 d5 31.Bd4 Bxd4 32.Nxd4 Qe3 33.Qb2 dxe4 34.Rf4 Nd6 35.Rd1 Bd5 36.Rd2 Nc4
37.Re2 Qxf4  0-1

[Event "Karpos Open 2013"]
[Site "Skopje MKD"]
[Date "2013.03.13"]
[Round "6.67"]
[White "Goksel,D"]
[Black "Danov,Radi"]
[Result "1/2-1/2"]
[WhiteElo "2260"]
[BlackElo "1993"]

1.Nf3 Nf6 2.d4 g6 3.c4 Bg7 4.g3 d6 5.Bg2 O-O 6.O-O Nbd7 7.Nc3 e5 8.e4 c6
9.h3 Qb6 10.dxe5 dxe5 11.Qc2 Re8 12.Be3 Qc7 13.Rad1 Nf8 14.Bc5 N6d7 15.Bd6 Qb6
16.Rfe1 Ne6 17.Na4 Qa6 18.Bf1 c5 19.Nc3 Nd4 20.Nxd4 exd4 21.Nb5 Be5 22.Bxe5 Nxe5
23.Bg2 Qb6 24.b4 Bxh3 25.bxc5 Qxc5 26.Bxh3 Nf3+ 27.Kf1 a6 28.Nxd4 Nxd4 29.Qc3 Rad8
30.Rd3 Nc6 31.Bd7 Rf8 32.Rd5 Qb4 33.Qb3 Qxb3 34.axb3 Nb4 35.Rd6 Rfe8 36.c5 Re5
37.Bh3 Rb8 38.Rb6 a5 39.Rb5 Nd3 40.Ra1 Rxc5 41.Rbxa5  1/2-1/2

[Event "Karpos Open 2013"]
[Site "Skopje MKD"]
[Date "2013.03.14"]
[Round "7.11"]
[White "Dvirnyy,D"]
[Black "Markus,Rob"]
[Result "0-1"]
[WhiteElo "2530"]
[BlackElo "2605"]

1.Nf3 Nf6 2.c4 d6 3.d4 g6 4.g3 Bg7 5.Bg2 O-O 6.O-O c6 7.Nc3 Qb6 8.b3 Qa5
9.Bb2 Qh5 10.e4 Na6 11.e5 dxe5 12.Nxe5 Ng4 13.Nf3 Qa5 14.h3 Nh6 15.Qe2 Nf5
16.Rfd1 Rd8 17.Na4 Be6 18.Bc3 Qc7 19.Rac1 Rac8 20.g4 Nd6 21.Ng5 Bd7 22.Nc5 Nb8
23.Nd3 Be8 24.a4 b6 25.Ne5 h6 26.Ngf3 e6 27.b4 c5 28.b5 cxd4 29.Bxd4 Nb7
30.g5 hxg5 31.Ng4 Rxd4 32.Nxd4 Nc5 33.Qe3 Qf4 34.a5 bxa5 35.b6 axb6 36.Nb5 Nba6
37.Rd6 Rb8 38.Rcd1 Qxe3 39.Nxe3 Kf8 40.Rd8 Ke7  0-1

[Event "Karpos Open 2013"]
[Site "Skopje MKD"]
[Date "2013.03.15"]
[Round "8.69"]
[White "Dimic,P"]
[Black "Gjorgjevski,Janco"]
[Result "1-0"]
[WhiteElo "2212"]
[BlackElo "1909"]

1.d4 Nf6 2.Nf3 g6 3.c4 Bg7 4.g3 O-O 5.Bg2 d6 6.Nc3 c6 7.e4 a6 8.O-O b5 9.e5 Nfd7
10.Qe2 Nb6 11.cxb5 axb5 12.Rd1 Be6 13.exd6 exd6 14.Bg5 Qc7 15.b3 b4 16.Ne4 Nd5
17.Qc2 h6 18.Bc1 Nd7 19.Bb2 Rfc8 20.a4 bxa3 21.Rxa3 Rxa3 22.Bxa3 Bf8 23.Nfd2 N7f6
24.Nc4 Ne8 25.Rc1 Ndf6 26.Ncxd6 Bxd6 27.Bxd6 Qb6 28.Nxf6+ Nxf6 29.Qd2  1-0

[Event "83rd ch-URU 2013"]
[Site "Montevideo URU"]
[Date "2013.03.16"]
[Round "9.5"]
[White "Ulaneo,N"]
[Black "Larrea,M"]
[Result "0-1"]
[WhiteElo "2156"]
[BlackElo "2266"]

1.d4 Nf6 2.Nf3 g6 3.c4 Bg7 4.g3 O-O 5.Bg2 d6 6.O-O a6 7.Nc3 Nc6 8.d5 Na5
9.b3 Rb8 10.Bb2 c5 11.dxc6 Nxc6 12.Qd2 b5 13.cxb5 axb5 14.Nd5 Ne4 15.Qc2 Bxb2
16.Qxb2 e6 17.Qc2 Nc5 18.b4 exd5 19.bxc5 Bf5 20.Qc1 Rc8 21.Qh6 Qf6 22.cxd6 Rfd8
23.Rfd1 Bc2 24.Re1 Rxd6 25.Rac1 Nb4 26.e4 dxe4 27.Rxe4 Rcd8 28.Ree1 Bf5 29.Rc7 Rd1
30.Re7 Qxe7  0-1

[Event "Karpos Open 2013"]
[Site "Skopje MKD"]
[Date "2013.03.16"]
[Round "9.66"]
[White "Glavinac,G"]
[Black "Silivri,Volkan Resat"]
[Result "1-0"]
[WhiteElo "2159"]
[BlackElo "1674"]

1.d4 d6 2.c4 Nf6 3.Nf3 g6 4.g3 Bg7 5.Bg2 O-O 6.O-O Nfd7 7.Nc3 e5 8.d5 f5
9.e4 f4 10.Bh3 h6 11.Be6+ Kh7 12.h4 Nf6 13.Bxc8 Qxc8 14.Kg2 Qg4 15.Rb1 fxg3
16.fxg3 Nxe4 17.Ng5+  1-0

[Event "TCh-CZE Div1 Zapad 2012-13"]
[Site "Czech Republic CZE"]
[Date "2013.03.17"]
[Round "9.5"]
[White "Freisler,P"]
[Black "Braun,Mare"]
[Result "1-0"]
[WhiteElo "2313"]
[BlackElo "2232"]

1.Nf3 d6 2.d4 Nf6 3.c4 g6 4.g3 Bg7 5.Bg2 O-O 6.O-O a6 7.Nc3 Nc6 8.d5 Na5
9.Nd2 c5 10.Qc2 Rb8 11.b3 b5 12.Bb2 Bf5 13.e4 Bd7 14.Nd1 Re8 15.Bc3 e5 16.Ne3 b4
17.Bb2 Nb7 18.Rae1 h5 19.f4 Qe7 20.fxe5 dxe5 21.Nf3 Nh7 22.Re2 Qd6 23.Ref2 Re7
24.h4 Rf8 25.Ne1 Nf6 26.Nd3 Ng4 27.Nxg4 Bxg4 28.Kh2 a5 29.Bh3 Bxh3 30.Kxh3 f6
31.Kg2 Ref7 32.Qe2 Qd7 33.Bc1 Qg4 34.Qxg4 hxg4 35.Be3 Rc7 36.a4 bxa3 37.Ra2 Ra8
38.Rxa3 Ra6 39.b4 cxb4 40.Nxb4 axb4 41.Rxa6 Rxc4 42.Rb6 Rxe4 43.Kf2 Na5 44.d6 Rxe3
45.Rb8+ Kf7 46.Kxe3 Nc4+ 47.Kf2 Nxd6 48.Rxb4 f5 49.Ra1 Bf8 50.Rb8 Be7 51.Ra7 Kf6
52.Kg2 Ke6 53.Rh8 Kf6 54.h5 gxh5 55.Rh6+ Kg5 56.Re6 Bf8 57.Ra6 h4 58.gxh4+ Kxh4
59.Raxd6 Bxd6 60.Rxd6 Kg5 61.Re6 Kf4 62.Re8 e4 63.Kf2 g3+ 64.Kg2 Ke3 65.Kxg3 f4+
66.Kg2 Kd3 67.Kf2 e3+ 68.Kf3 Kd2 69.Rd8+ Ke1 70.Rd7 e2 71.Re7  1-0

[Event "TCh-SUI 2013"]
[Site "Switzerland SUI"]
[Date "2013.03.17"]
[Round "1.6"]
[White "Toth,Be1"]
[Black "Schmid,Mi2"]
[Result "1-0"]
[WhiteElo "2359"]
[BlackElo "2218"]

1.d4 Nf6 2.c4 g6 3.Nf3 Bg7 4.g3 O-O 5.Bg2 d6 6.Nc3 Nbd7 7.O-O e5 8.e4 exd4
9.Nxd4 Ng4 10.h3 Nge5 11.b3 Nc5 12.Be3 Bd7 13.Qc2 a5 14.Rad1 Qc8 15.Kh2 Nc6
16.Nd5 Re8 17.Rfe1 Ne7 18.f4 Ne6 19.Nf3 Nc5 20.Bd4 Nxd5 21.cxd5 b6 22.Bxg7 Kxg7
23.Nd4 f6 24.Qc3 Re7 25.e5 fxe5 26.fxe5 dxe5 27.Nf3 Kg8 28.Nxe5 Qf8 29.d6 cxd6
30.Nxd7 Nxd7 31.Rxe7  1-0

[Event "30th Ciocaltea Mem 2013"]
[Site "Bucharest ROU"]
[Date "2013.03.18"]
[Round "4.3"]
[White "Manea,Al"]
[Black "Stanciu,Al"]
[Result "1-0"]
[WhiteElo "2389"]
[BlackElo "2365"]

1.g3 g6 2.Bg2 Bg7 3.c4 d6 4.d4 Nf6 5.Nf3 O-O 6.O-O Nc6 7.d5 Na5 8.Nbd2 c5
9.Qc2 b5 10.e4 bxc4 11.Nxc4 Nxc4 12.Qxc4 a5 13.Qc2 Bb7 14.Re1 Ra6 15.Bf1 Rb6
16.Nd2 e6 17.Nc4 Ra6 18.Ne3 Ra7 19.Bc4 Kh8 20.Bd2 e5 21.a3 Qa8 22.Bc3 a4
23.Bb5 Bc8 24.Nc4 Qb8 25.Bxa4 Ng4 26.b4 f5 27.f3 Nxh2 28.Kxh2 f4 29.Kg2 fxg3
30.Rh1 Raf7 31.Raf1 Bg4 32.Nd2 Bh5 33.bxc5 dxc5 34.Qd3 Qa7 35.Bb5 c4 36.Bxc4 Qxa3
37.Bxe5 Qc5 38.Bxg7+ Kxg7 39.Qc3+ Kh6 40.Qd3 Ra7 41.Rh3 Rb8 42.Bb3 Rb4 43.Rxg3 Rd4
44.Qe3+ Kg7 45.Rc1 Qb4 46.Nc4  1-0

[Event "AICF KIIT Cup 2013"]
[Site "Bhubaneswar IND"]
[Date "2013.03.20"]
[Round "5"]
[White "Mohota,N"]
[Black "Foisor,C"]
[Result "0-1"]
[WhiteElo "2325"]
[BlackElo "2401"]

1.d4 Nf6 2.c4 g6 3.g3 Bg7 4.Bg2 O-O 5.Nf3 d6 6.O-O Nbd7 7.Nc3 e5 8.e4 exd4
9.Nxd4 a6 10.h3 Rb8 11.Be3 Re8 12.Rb1 Nc5 13.Qc2 Bd7 14.Rbd1 Qc8 15.Kh2 b5
16.b4 Ne6 17.c5 dxc5 18.Nxe6 Bxe6 19.Bxc5 Nd7 20.Nd5 Nxc5 21.Qxc5 Bxd5 22.Rxd5 Bf8
23.Qc3 c6 24.Rd2 Qe6 25.Rc1 Rbc8 26.Qb2 c5 27.bxc5 Rxc5 28.Rdc2 Rec8 29.Rxc5 Rxc5
30.Rxc5 Bxc5 31.Bf3 h5 32.h4 Qc4 33.Qd2 Qf1 34.Qe2 Qxf2+ 35.Qxf2 Bxf2 36.Kh3 Kg7
37.g4 hxg4+ 38.Bxg4 Kf6 39.h5 Kg5 40.hxg6 fxg6 41.Bc8 a5 42.Kg2 Bd4 43.Kf3 b4
44.Bd7 Kh4 45.Kf4 g5+ 46.Kf3 Be5 47.Ba4 g4+ 48.Kg2 Kg5 49.Bd7 Kf4 50.Bc6 g3
51.Be8 Ke3 52.Bc6 Kd3 53.Kf3 Kc3 54.Ba4 Kb2 55.Bb3 a4 56.Bd5 b3 57.axb3 axb3  0-1

[Event "3rd HD Bank Cup 2013"]
[Site "Ho Chi Minh City VIE"]
[Date "2013.03.20"]
[Round "3.29"]
[White "Pham Chuong"]
[Black "Emojong Elijah"]
[Result "1-0"]
[WhiteElo "2327"]
[BlackElo "2190"]

1.d4 Nf6 2.c4 g6 3.g3 Bg7 4.Bg2 O-O 5.Nf3 d6 6.O-O Nbd7 7.Nc3 e5 8.e4 c6
9.h3 Qb6 10.Rb1 exd4 11.Nxd4 Nxe4 12.Nxe4 Bxd4 13.Nxd6 Ne5 14.Nxc8 Raxc8
15.Qc2 Rcd8 16.Kh2 Rfe8 17.b3 Rd7 18.Kh1 f6 19.b4 Nf7 20.Bb2 Bxb2 21.Rxb2 Qd4
22.b5 Ne5 23.bxc6 bxc6 24.Rbb1 Re6 25.Rfe1 Rde7 26.Re4 Qc5 27.Qd2 Rd6 28.Qf4 Red7
29.Kh2 Kg7 30.Rbe1 Rd2 31.R1e2 Rxe2 32.Rxe2 Rd4 33.Qe3 Rxc4 34.Qb3 Rc3 35.Qe6 Qc4
36.Qe7+ Qf7 37.Qb4 Rc4 38.Qd6 g5 39.Be4 Ra4 40.a3 Ra6 41.Bf5 Rb6 42.f4 gxf4
43.gxf4 Nf3+ 44.Kg3 c5 45.Qxc5 Nd4 46.Qxd4 Kh6 47.Kh2 Qb7 48.Be6 Qg7 49.Rg2 Qe7
50.Qf2 Rb5 51.Bg4 f5 52.Be2 Rb2 53.Qf3 Qe8 54.Qg3 Qe7 55.Qf3 Qe8 56.Qc3 Rxe2
57.Qg7+  1-0

[Event "3rd HD Bank Cup 2013"]
[Site "Ho Chi Minh City VIE"]
[Date "2013.03.22"]
[Round "6.35"]
[White "Bui,Trong Hao"]
[Black "Nguyen Thi Thanh An"]
[Result "1/2-1/2"]
[WhiteElo "2108"]
[BlackElo "2304"]

1.d4 Nf6 2.c4 g6 3.Nf3 Bg7 4.g3 O-O 5.Bg2 d6 6.O-O Nc6 7.Nc3 a6 8.d5 Na5
9.Qd3 c5 10.e4 Rb8 11.Rb1 b5 12.cxb5 c4 13.Qc2 axb5 14.a3 Nb3 15.h3 Nxc1
16.Rfxc1 Nd7 17.b4 cxb3 18.Rxb3 Qa5 19.Rcb1 Ba6 20.Qd2 Rfc8 21.Nd4 Ne5 22.a4 b4
23.Ncb5 Qxa4 24.Qxb4 Qxb4 25.Rxb4 Nd3 26.R4b3 Nc1 27.Rb4 Na2 28.Ra4 Bxb5
29.Nxb5 Rc2 30.Bf1 Bf6 31.Bd3 Rc1+ 32.Rxc1 Nxc1 33.Bc4 Nb3 34.Bxb3 Rxb5 35.Bc2 Rc5
36.Ra2 Bd4 37.Kf1 Rc3 38.Ke2 Kg7 39.Bb1 g5 40.Rd2 Bc5 41.Bd3 Rc1 42.Rd1 Rxd1
43.Kxd1 Bxf2 44.g4 Kf6 45.Ke2 Bc5 46.Kf3 Ke5 47.Bb5 e6 48.Bc4 h6 49.Ba2 f5
50.gxf5 exf5 51.exf5 Kxf5 52.Bb3 Ke5 53.Kg4 Be3 54.h4  1/2-1/2

[Event "44th Marcel Duchamp"]
[Site "Buenos Aires ARG"]
[Date "2013.03.23"]
[Round "1.37"]
[White "Viera,Matias Nahuel"]
[Black "Sanhueza,C"]
[Result "0-1"]
[WhiteElo "1768"]
[BlackElo "2215"]

1.d4 Nf6 2.c4 g6 3.Nf3 Bg7 4.g3 O-O 5.Bg2 d6 6.O-O Nc6 7.Nc3 a6 8.e4 Bg4
9.Be3 Nd7 10.h3 Bxf3 11.Bxf3 e5 12.d5 Nd4 13.Bg2 c5 14.dxc6 bxc6 15.Rb1 a5
16.a3 Nb6 17.b3 a4 18.Nxa4 Nxa4 19.bxa4 Qa5 20.Bg5 Rfe8 21.Qg4 Qxa4 22.Qd7 Qxc4
23.Qxd6 Bf8 24.Qd7 Qe6 25.Rb7 Rxa3 26.Rfb1 c5 27.Bf6 Ra2 28.R1b6 Qxd7 29.Rxd7 c4
30.Bf1 Nf3+ 31.Kg2 Bc5 32.Kxf3 Rxf2+ 33.Kg4 Bxb6 34.Bxc4 Rxf6 35.Kg5 Rf2  0-1

[Event "3rd HD Bank Cup 2013"]
[Site "Ho Chi Minh City VIE"]
[Date "2013.03.23"]
[Round "8.46"]
[White "Kuich,Gero"]
[Black "Vasilyev,M"]
[Result "0-1"]
[WhiteElo "1808"]
[BlackElo "2253"]

1.d4 Nf6 2.c4 g6 3.Nf3 Bg7 4.g3 O-O 5.Bg2 d6 6.O-O Nc6 7.Nc3 Bf5 8.h3 a6
9.Re1 Ne4 10.Nxe4 Bxe4 11.e3 e5 12.dxe5 dxe5 13.Bd2 Bd3 14.Qc1 e4 15.Nh2 Ne5
16.Bc3 Qe7 17.b3 f5 18.Qb2 c5 19.Rad1 b5 20.cxb5 axb5 21.Qd2 Rfd8 22.f4 exf3
23.Bh1 Be2 24.Qc2 Rxd1 25.Rxd1 Nc4 26.Bd2 Nxe3 27.Qb1 f2+ 28.Kxf2 Nxd1+  0-1

[Event "LEM Schleswig-Holstein 2013"]
[Site "Neumuenster GER"]
[Date "2013.03.23"]
[Round "1.1"]
[White "Kopylov,M"]
[Black "Homuth,M"]
[Result "1-0"]
[WhiteElo "2465"]
[BlackElo "2166"]

1.d4 Nf6 2.c4 g6 3.g3 Bg7 4.Bg2 O-O 5.Nf3 d6 6.O-O Nc6 7.Nc3 a6 8.Qd3 Bf5
9.e4 Bg4 10.Be3 Bxf3 11.Bxf3 Nd7 12.Bg2 e5 13.d5 Nd4 14.Ne2 Nc5 15.Qd2 Nxe2+
16.Qxe2 a5 17.Qc2 Qd7 18.Rae1 b6 19.b3 Rae8 20.Kh1 f5 21.Bh3 Qf7 22.f3 Kh8
23.a3 a4 24.b4 Nb3 25.f4 exf4 26.Bxf4 Qe7 27.Bg2 Qd7 28.exf5 Nd4 29.Qd1 Nxf5
30.Bg5 h6 31.Bc1 Rxe1 32.Rxe1 Re8 33.Re4 Rxe4 34.Bxe4 Qe8 35.Qd3 Qe5 36.Kg2 Qa1
37.Bd2 Qb2 38.Kh3 Qd4 39.Qxd4 Bxd4 40.Bc1 Kg7 41.Bd3 Ne3 42.g4 b5 43.cxb5 Nxd5
44.Kg3 Be5+ 45.Kf3 Nc3 46.h3 d5 47.g5 hxg5 48.Bxg5 Kf7 49.Be3 Bf6 50.Bf4 Bh4
51.Bxc7 Ke6 52.b6 Kd7 53.Be5  1-0

[Event "Norwegian Open 2013"]
[Site "Fagernes NOR"]
[Date "2013.03.24"]
[Round "5"]
[White "Kveinys,A"]
[Black "Hansen,TR"]
[Result "1/2-1/2"]
[WhiteElo "2528"]
[BlackElo "2463"]

1.d4 Nf6 2.Nf3 g6 3.c4 Bg7 4.g3 O-O 5.Bg2 d6 6.O-O Nc6 7.Nc3 a6 8.Bf4 Rb8
9.Rc1 b5 10.d5 e5 11.Bg5 Ne7 12.Nd2 Ne8 13.e4 h6 14.Be3 f5 15.exf5 gxf5 16.f4 Nf6
17.fxe5 Ng4 18.Ba7 Rb7 19.Bf2 dxe5 20.Bc5 e4 21.cxb5 Nxd5 22.Nxd5 Qxd5 23.Nxe4 Qxd1
24.Rcxd1 Rxb5 25.Bxf8 Bxf8 26.Rd8 Bb7 27.Nc3 Bxg2 28.Kxg2 Rxb2+ 29.Kg1 Kg7
30.Rxf5 Bb4 31.Ne4 Rxa2 32.h3 Re2 33.Rd4 c5 34.Nxc5 Re1+ 35.Kg2 Ne3+ 36.Kf3 Nxf5  1/2-1/2